Statystyki dla Mecz o 3 miejsce Mistrzostwa Świata 2014

Kliknij tutaj aby rozwiązać quiz!

Ogólne statystyki

  • Ten quiz został rozwiązany 308 razy
  • Średni wynik to 9 z 22

Statystyki odpowiedzi

ReprezentacjaPozycjaZawodnik% Poprawnych
ObrońcaDavid Luiz
85%
NapastnikArjen Robben
83%
ObrońcaThiago Silva
83%
BrazyliaBramkarzJulio Cesar
80%
NapastnikRobin van Persie
80%
HolandiaBramkarzJasper Cillessen
67%
PomocnikOscar
64%
PomocnikDaley Blind
48%
PomocnikGeorginio Wijnaldum
32%
ObrońcaStefan de Vrij
31%
PomocnikDirk Kuijt
28%
PomocnikPaulinho
26%
PomocnikWillian
26%
ObrońcaMaicon
22%
PomocnikRamires
21%
NapastnikJo
18%
PomocnikLuiz Gustavo
17%
ObrońcaRon Vlaar
15%
ObrońcaBruno Martins Indi
12%
ObrońcaMaxwell
8%
PomocnikJordy Clasie
6%
PomocnikJonathan de Guzman
2%

Rozkład punktacji

Percentyl według liczby udzielonych odpowiedzi

Procent ludzi z każdym wynikiem

Twoja historia wyników

Nie rozwiązałeś tego quizu